Normal view
MARC view
- العمري، حيدر محمد بركات
Entry Personal Name
001 - CONTROL NUMBER
- control field: 61134
003 - CONTROL NUMBER IDENTIFIER
- control field: JO-AjAnu
005 - DATE AND TIME OF LATEST TRANSACTION
- control field: 20230606084005.0
008 - FIXED-LENGTH DATA ELEMENTS
- fixed length control field: 230606|| aca||aabn | a|a d
040 ## - CATALOGING SOURCE
- Original cataloging agency: JO-AjAnu
- Transcribing agency: JO-AjAnu
100 ## - HEADING--PERSONAL NAME
- Personal name: العمري، حيدر محمد بركات
670 ## - SOURCE DATA FOUND
- Source citation: Work cat.: (JO-AjAnu)31182: العمري، حيدر محمد بركات , author, المساءلة في النظم التربوية = ACCOUNTABILITY IN EDUCATIONAL SYSTEMS